| 000 | 00553 a2200217 4500 | ||
|---|---|---|---|
| 005 | 20240311111054.0 | ||
| 008 | 240304b |||||||| |||| 00| 0 eng d | ||
| 020 |
_a9788131533444 _cRs. 399.00 |
||
| 040 | _aMAIN | ||
| 082 |
_a005.8 _bB295C(2) |
||
| 100 | _aBasta, Alfred | ||
| 245 | _aComputer security and penetration testing | ||
| 250 | _a2nd | ||
| 260 |
_bCengage Learning _aDelhi _c2023 |
||
| 300 | _axix, 376 | ||
| 650 | _aComputer Science | ||
| 650 | _aData Security | ||
| 700 | _aBasta, Nadine | ||
| 700 | _aBrown, Mary | ||
| 942 | _cBK | ||
| 999 |
_c312641 _d312641 |
||